000 00817nam a22002177a 4500
999 _c20636
_d20636
003 AR-CdUCM
008 190601b ||||| |||| 00| 0 spa d
040 _aMUNICIPALIDAD PROVINCIAL DEL CUSCO
_cBIBLIOTECA MUNICIPAL DEL CUSCO
082 _a508 /
_bST78
100 _aStarker Leopold, A.
_943125
245 _aEl desierto /
260 _aMéxico :
_bOffset multicolor,
_c1966.
300 _a192 páginas ;
_bFotografias, ilustraciones
_c27 cm.
440 _aColeccion de la naturaleza de life en español
_936260
505 _aContenido : Zonas caldeadas del planeta -- Formación de los desiertos -- Plantas bajo el sol -- Reino de animales deserticos...
650 _aZonas desérticas
_943126
650 _avida en el desierto
_943127
650 _aComplejidades
_943128
942 _2ddc
_cLIBROS
945 _arcc